000 00437nam a2200181Ia 4500
005 20240823043313.0
008 240823s9999||||xx |||||||||||||| ||und||
041 _aENGLISH
082 _A380.1 M8
100 _a"Joanne,Kinsey"
245 0 _aMarketing in Developing Countries
250 _a1st
260 _c1988
_b"Macmillan,London"
500 _aYES
650 _aManagement
_bManagement Studies
942 _cBK
999 _c209921
_d209921